LEADER 00895nam0-22002771i-450 001 990001846370403321 005 20170309142552.0 035 $a000184637 035 $aFED01000184637 035 $a(Aleph)000184637FED01 035 $a000184637 100 $a20021010d1907----km-y0itay50------ba 101 0 $aita 200 1 $aAppunti sul prezzo di alcuni prodotti nel mercato al dettaglio di Napoli$erelazione presentata nell' Adunanza del 18 luglio1907$fIstituto d' Incoraggiamento di Napoli. 210 $aNapoli$cCooperativa Tipografica$d1907. 215 $aXXIII p.$d27 cm 610 0 $aPrezzi 676 $a338.52 801 0$aIT$bUNINA$gRICA$2UNIMARC 901 $aBK 912 $a990001846370403321 952 $a60 MISC. B 57/12$fFAGBC 959 $aFAGBC 996 $aAPPUNTI sul prezzo di alcuni prodotti nel mercato al dettaglio di Napoli$9415167 997 $aUNINA DB $aING01 LEADER 01078nam1 22002533i 450 001 VAN00097572 005 20240806100706.984 100 $a20140415d1978 |0itac50 ba 101 $aita 102 $aIT 105 $a|||| ||||| 200 1 $aˆ3: ‰Disposizioni fallimentari, fiscali, penali e societarie, rapporto di lavoro - C.E.E. / Giuseppe Alessi 210 $aMilano$cA. Giuffrè$d1978 215 $aXIX, 1264-2095 p.$d25 cm. 463 \1$1001VAN00097569$12001 $a<>banche$egiurisprudenza, bibliografia, legislazione 620 $dMilano$3VANL000284 700 1$aAlessi$bGiuseppe$3VANV008473$0292764 712 $aGiuffrè $3VANV109181$4650 801 $aIT$bSOL$c20251114$gRICA 899 $aBIBLIOTECA DEL DIPARTIMENTO DI ECONOMIA$1IT-CE0106$2VAN03 912 $aVAN00097572 950 $aBIBLIOTECA DEL DIPARTIMENTO DI ECONOMIA$d03PREST IVCf14(3) $e03 31664 3 20140415 996 $aDisposizioni fallimentari, fiscali, penali e societarie, rapporto di lavoro - C.E.E$967017 997 $aUNICAMPANIA